| 000 | 00721nam a2200217Ia 4500 | ||
|---|---|---|---|
| 003 | GCL | ||
| 008 | 140319s9999 xx 000 0 ara d | ||
| 040 |
_aGCL / _cGCL |
||
| 082 | 0 | 4 |
_a823.03 _bن ع |
| 100 | 1 | _aتايلر، ات | |
| 245 | 1 | 0 |
_aعشاء فى مطعم المشتاقين للاهل / _cتايلر، ات |
| 700 | 1 | _aامين العيوطى | |
| 260 |
_a[S.N] : _bمركز الاهرام للترجمة والنشر ، _c1991 |
||
| 300 | _a456 ص | ||
| 490 |
_aمن روائع الادب الامريكى المعاصر _v0 |
||
| 650 | 0 | 4 | _aالادب |
| 650 | 0 | 4 | _aالادب الامريكى |
| 650 | 0 | 4 | _aالقصص |
| 650 | 0 | 4 | _aالقصص الامريكية المترجمة |
| 942 |
_2ddc _cBK |
||
| 999 |
_c31962 _d31962 |
||